[Event "ARG-ch"]
[Site "Buenos Aires"]
[Date "1998.04.27"]
[Round "11"]
[White "Fiorito, Fabian"]
[Black "Zarnicki, Pablo"]
[Result "1/2-1/2"]
[WhiteElo "2455"]
[BlackElo "2515"]
[PlyCount "31"]
[EventDate "1998.04.15"]
[Source "ChessBase"]
[SourceDate "1998.08.06"]

1. e4 e5 2. f4 d5 3. exd5 e4 4. d3 Nf6 5. dxe4 Nxe4 6. Nf3 Bc5 7. Qe2 Qe7 8. Be3 Nd7 9. Bxc5 Ndxc5 10. Nc3 Bg4 11. Nxe4 Qxe4 12. h3 Bxf3 13. gxf3 Qxe2+ 14. Bxe2 O-O-O 15. c4 Rhe8 16. Kf2 1/2-1/2

[Event "ENG-URS m"]
[Site "London ENG"]
[Date "1976.??.??"]
[Round "?"]
[White "Stean, Michael F"]
[Black "Bronstein, David I"]
[Result "1/2-1/2"]
[WhiteElo "2420"]
[BlackElo "2540"]
[PlyCount "68"]
[EventDate "1976.??.??"]
[Source "www.chesslib.no"]
[SourceDate "2004.05.04"]

1. e4 e5 2. f4 d5 3. exd5 e4 4. d3 Nf6 5. dxe4 Nxe4 6. Nf3 Bd6 7. Bd3 Nf6 8. Nc3 O-O 9. O-O c6 10. dxc6 Nxc6 11. a3 Re8 12. Kh1 a6 13. Ng5 g6 14. Nge4 Be7 15. Nxf6+ Bxf6 16. Nd5 Be6 17. Nxf6+ Qxf6 18. Qf3 Rad8 19. Bd2 Nd4 20. Bc3 Nxf3 21. Bxf6 Rxd3 22. cxd3 Nd2 23. Bc3 Nxf1 24. Rxf1 Bd5 25. Re1 Rxe1+ 26. Bxe1 f5 27. Kg1 Kf7 28. Kf2 g5 29. g3 g4 30. Ke3 Ke6 31. Kd4 h5 32. Kc5 Bh1 33. Bc3 Bg2 34. Kb6 Kd7 1/2-1/2

[Event "Moncase"]
[Site "Moncase"]
[Date "1993.??.??"]
[Round "5"]
[White "Vega Holm, Fernando"]
[Black "Campora, Daniel H"]
[Result "0-1"]
[WhiteElo "2385"]
[BlackElo "2550"]
[PlyCount "43"]
[EventDate "1993.??.??"]
[Source "www.chesslib.no"]
[SourceDate "2004.05.04"]

1. e4 e5 2. f4 d5 3. exd5 e4 4. d3 Nf6 5. dxe4 Nxe4 6. Nf3 Bc5 7. Bd3 Nf2 8. Qe2+ Qe7 9. Rf1 Nxd3+ 10. cxd3 Bf5 11. Qxe7+ Bxe7 12. d4 Nd7 13. Nc3 Nf6 14. Bd2 O-O-O 15. Ne5 Rhf8 16. Nc4 Bd3 17. Ne5 Bxf1 18. Kxf1 Bb4 19. Kf2 Bxc3 20. Bxc3 Nxd5 21. Kg3 Ne3 22. Bd2 0-1

[Event "DSV-Turnier"]
[Site "Halle"]
[Date "1974.??.??"]
[Round "?"]
[White "Ciocaltea, Victor"]
[Black "Mueller, Klaus Uwe"]
[Result "0-1"]
[WhiteElo "2470"]
[BlackElo "2465"]
[PlyCount "52"]
[EventDate "1974.??.??"]
[Source "ChessBase"]

1. e4 e5 2. f4 d5 3. exd5 e4 4. d3 Nf6 5. dxe4 Nxe4 6. Be3 Bd6 7. Nd2 Nf6 8. Bb5+ Nbd7 9. Nc4 O-O 10. Nxd6 cxd6 11. Qd2 Ne4 12. Qb4 Qh4+ 13. g3 Nxg3 14. hxg3 Qxh1 15. O-O-O Nf6 16. Qxd6 Bg4 17. Re1 Rfd8 18. Qa3 Qxd5 19. Bd3 Rac8 20. Kb1 Bf5 21. Ne2 Bxd3 22. cxd3 Qxd3+ 23. Qxd3 Rxd3 24. Nc1 Rd6 25. Nb3 b6 26. Bd4 Rcd8 0-1

[Event "Compack"]
[Site "Budapest HUN"]
[Date "1988.??.??"]
[Round "?"]
[White "Hellers, Ferdinand"]
[Black "Barczay, Laszlo"]
[Result "1/2-1/2"]
[WhiteElo "2490"]
[BlackElo "2375"]
[PlyCount "40"]
[EventDate "1988.10.??"]
[Source "www.chesslib.no"]
[SourceDate "2004.05.04"]

1. e4 e5 2. f4 d5 3. exd5 e4 4. d3 Nf6 5. dxe4 Nxe4 6. Nf3 c6 7. Nbd2 Nf6 8. dxc6 Nxc6 9. Bd3 Be7 10. O-O O-O 11. Ne4 Nb4 12. Kh1 Nxd3 13. cxd3 Bf5 14. Qe2 Re8 15. Ne5 Bd6 16. Nxf6+ Qxf6 17. Qf3 Bxe5 18. fxe5 Qxe5 19. Bd2 Be6 20. Bc3 Qf5 1/2-1/2

[Event "LADAC"]
[Site "?"]
[Date "1999.11.01"]
[Round "?"]
[White "Fraser Fred J.L.(ENG)"]
[Black "Marcos Nozar Jose Ricardo (AR"]
[Result "1-0"]
[WhiteElo "2420"]
[BlackElo "2434"]
[PlyCount "49"]
[EventDate "1999.??.??"]
[Source "www.chesslib.no"]
[SourceDate "2004.05.04"]

1. e4 e5 2. f4 d5 3. exd5 e4 4. d3 Nf6 5. dxe4 Nxe4 6. Nf3 Bc5 7. Qe2 Bf5 8. Nc3 Qe7 9. Be3 Bb4 10. Bd4 Bxc3+ 11. bxc3 O-O 12. Qe3 c5 13. dxc6 Nxc6 14. Bd3 Rfe8 15. O-O Qc7 16. Be5 Nxe5 17. fxe5 Qxc3 18. Rfe1 Nd6 19. Rad1 Nc4 20. Qf4 Be6 21. Ng5 Nb2 22. Bxh7+ Kh8 23. Rb1 Bxa2 24. Qh4 Rad8 25. Qh5 1-0

[Event "ARG-ch sf"]
[Site "?"]
[Date "2001.??.??"]
[Round "7"]
[White "Ginzburg Maximiliano"]
[Black "Pierrot Juan Facundo"]
[Result "0-1"]
[WhiteElo "2427"]
[BlackElo "2425"]
[PlyCount "50"]
[EventDate "2001.??.??"]
[Source "www.chesslib.no"]
[SourceDate "2004.05.04"]

1. e4 e5 2. f4 d5 3. exd5 e4 4. d3 Nf6 5. dxe4 Nxe4 6. Nf3 c6 7. Bd3 Nf6 8. Nc3 Nxd5 9. Qe2+ Be7 10. Nxd5 cxd5 11. O-O Nc6 12. c3 O-O 13. Be3 Re8 14. Qf2 Bf6 15. Nd4 Na5 16. Nb5 b6 17. Bd4 Ba6 18. Rad1 Bxd4 19. Qxd4 Qd7 20. Qb4 Re3 21. a4 Rae8 22. f5 f6 23. Bb1 R8e5 24. Ba2 Nc6 25. Qb3 Ne7 0-1

[Event "Hofmann Cup"]
[Site "Baden-Baden GER"]
[Date "1995.??.??"]
[Round "2"]
[White "Forster, Richard"]
[Black "Slobodjan, Roman"]
[Result "0-1"]
[WhiteElo "2385"]
[BlackElo "2465"]
[PlyCount "34"]
[EventDate "1995.??.??"]
[Source "www.chesslib.no"]
[SourceDate "2004.05.04"]

1. e4 e5 2. f4 d5 3. exd5 e4 4. d3 Nf6 5. dxe4 Nxe4 6. Nf3 Bc5 7. Qe2 f5 8. Nc3 O-O 9. Nxe4 fxe4 10. Qxe4 Bf5 11. Qc4 Re8+ 12. Be2 Nd7 13. Bd2 Re4 14. Qd3 Qf8 15. Ng5 Rxf4 16. Qb3 Bf2+ 17. Kd1 Nc5 0-1

[Event "Cap d'Agde FRA"]
[Site "?"]
[Date "2002.10.28"]
[Round "7"]
[White "Bricard Emmanuel"]
[Black "Vaisman Volodia"]
[Result "1-0"]
[WhiteElo "2454"]
[BlackElo "2381"]
[PlyCount "107"]
[EventDate "2002.??.??"]
[Source "www.chesslib.no"]
[SourceDate "2004.05.04"]

1. e4 e5 2. f4 d5 3. exd5 e4 4. d3 Nf6 5. dxe4 Nxe4 6. Nf3 Nd7 7. Bd3 Ndf6 8. Qe2 Qe7 9. O-O Nc5 10. Nc3 Qxe2 11. Bxe2 Bd6 12. Nb5 O-O 13. c4 Re8 14. Nfd4 Bd7 15. Nxd6 cxd6 16. b3 Re7 17. Ba3 Rae8 18. Bf3 b6 19. b4 Nce4 20. Rfd1 Rc8 21. Rac1 Ree8 22. Bb2 h6 23. Rd3 a5 24. bxa5 bxa5 25. Nc6 Bxc6 26. dxc6 Rxc6 27. Re3 Rcc8 28. Rce1 Nc5 29. Rxe8+ Rxe8 30. Rxe8+ Nxe8 31. Bc3 a4 32. Kf2 Kf8 33. Ke3 Ke7 34. g4 g5 35. Bc6 Nf6 36. h3 gxf4+ 37. Kxf4 Ke6 38. Ke3 Ke7 39. Bd2 Ng8 40. Bb4 Ke6 41. Bxc5 dxc5 42. Bxa4 Ke5 43. Be8 f5 44. gxf5 Kxf5 45. a4 Nf6 46. Bb5 Ke5 47. a5 Kd6 48. Kf4 Nh5+ 49. Kf5 Ng3+ 50. Kg6 h5 51. Kg5 Kc7 52. Kh4 Nf5+ 53. Kxh5 Nd6 54. Kg4 1-0

[Event "Budapest FS03 GM"]
[Site "Budapest"]
[Date "1993.??.??"]
[Round "6"]
[White "Wells, Peter K"]
[Black "Lengyel, Bela"]
[Result "1-0"]
[WhiteElo "2485"]
[BlackElo "2350"]
[PlyCount "65"]
[EventDate "1993.03.??"]
[Source "ChessBase"]

1. e4 e5 2. f4 d5 3. exd5 e4 4. d3 Nf6 5. dxe4 Nxe4 6. Be3 Qh4+ 7. g3 Nxg3 8. Nf3 Qe7 9. hxg3 Qxe3+ 10. Qe2 Bc5 11. Nc3 Bf5 12. Nh4 Bg4 13. Qxe3+ Bxe3 14. Be2 Bxe2 15. Kxe2 Bc5 16. Kf3 Na6 17. Rae1+ Kf8 18. Ne4 Rd8 19. c4 h5 20. Kg2 Bb4 21. Re2 Kg8 22. a3 Bf8 23. b4 f6 24. f5 Kf7 25. Ng6 Rh6 26. Nf4 Bd6 27. Nxd6+ cxd6 28. Rhe1 Rd7 29. Ng6 Rxg6 30. fxg6+ Kxg6 31. Re7 Rc7 32. Rxc7 Nxc7 33. Re7 1-0

[Event "Moscow ol (Men)"]
[Site "Moscow"]
[Date "1994.??.??"]
[Round "4"]
[White "Barle, Janez"]
[Black "Lauk, Ular"]
[Result "1/2-1/2"]
[WhiteElo "2440"]
[BlackElo "2395"]
[PlyCount "111"]
[EventDate "1994.11.??"]
[Source "ChessBase"]

1. e4 e5 2. f4 d5 3. exd5 e4 4. d3 Nf6 5. dxe4 Nxe4 6. Nf3 c6 7. Nbd2 Nxd2 8. Bxd2 cxd5 9. Bb5+ Bd7 10. Qe2+ Be7 11. Bb4 Bxb5 12. Qxb5+ Nc6 13. Bc3 O-O 14. O-O-O Qc7 15. g3 Rac8 16. Kb1 d4 17. Nxd4 Nxd4 18. Rxd4 a6 19. Qf5 g6 20. Qg4 b5 21. Rc1 Rfe8 22. f5 b4 23. fxg6 hxg6 24. Rd7 Qc6 25. Bd4 Bf8 26. b3 Re6 27. Qh4 Bg7 28. Bxg7 Kxg7 29. Qd4+ Kg8 30. Rd8+ Rxd8 31. Qxd8+ Re8 32. Qd2 a5 33. Re1 Rxe1+ 34. Qxe1 Qg2 35. Qe8+ Kg7 36. Qe5+ Kg8 37. h4 Qa8 38. Qd4 Qh1+ 39. Kb2 Qe1 40. Qd8+ Kg7 41. Qd4+ Kg8 42. Qd8+ Kg7 43. Qd3 Kg8 44. Qf3 Kg7 45. a4 bxa3+ 46. Ka2 Qc1 47. Qc3+ Kh7 48. Qe5 Qxc2+ 49. Kxa3 Qd2 50. Qf4 Qd7 51. Qf6 Kg8 52. h5 gxh5 53. Qg5+ Kf8 54. Qxa5 Qd6+ 55. Kb2 Qxg3 56. Qxh5 1/2-1/2

[Event "Budapest FS11 GM"]
[Site "Budapest HUN"]
[Date "1993.??.??"]
[Round "5"]
[White "Wells, Peter K"]
[Black "Lengyel, Bela"]
[Result "1-0"]
[WhiteElo "2485"]
[BlackElo "2350"]
[PlyCount "59"]
[EventDate "1993.11.??"]
[Source "www.chesslib.no"]
[SourceDate "2004.05.04"]

1. e4 e5 2. f4 d5 3. exd5 e4 4. d3 Nf6 5. dxe4 Nxe4 6. Nf3 c6 7. Nbd2 Nxd2 8. Bxd2 Qxd5 9. Bd3 Qe6+ 10. Ne5 Qf6 11. Qe2 Be7 12. Bc3 Qh6 13. O-O O-O 14. f5 Na6 15. Rad1 Nc7 16. Ng4 Qg5 17. Kh1 h5 18. f6 Bxg4 19. Qe4 Qh6 20. Bd2 Qh8 21. fxe7 Rfe8 22. Rde1 Nd5 23. Bg5 Be6 24. Qh4 Bd7 25. c4 Nb4 26. Qf2 Nxd3 27. Qxf7+ Kh7 28. Qxh5+ Kg8 29. Qf7+ Kh7 30. Re4 1-0

[Event "Charleroi BEL, Closed IM 2005"]
[Site "?"]
[Date "2005.08.04"]
[Round "7"]
[White "Cools Gorik"]
[Black "Plachetka Jan"]
[Result "1/2-1/2"]
[WhiteElo "2362"]
[BlackElo "2459"]
[PlyCount "81"]
[EventDate "2005.??.??"]
[Source "www.chesslib.no"]
[SourceDate "2004.05.04"]

1. e4 e5 2. f4 d5 3. exd5 e4 4. d3 Nf6 5. dxe4 Nxe4 6. Nf3 c6 7. Bd3 cxd5 8. Bxe4 dxe4 9. Qxd8+ Kxd8 10. Ng5 Kc7 11. Nxf7 Rg8 12. Nc3 Nc6 13. Bd2 Bg4 14. Nd5+ Kd7 15. Ne3 Bh5 16. Ng5 Bc5 17. g4 Bxe3 18. gxh5 Bxd2+ 19. Kxd2 Rgf8 20. Rhf1 Rf5 21. Rae1 Raf8 22. Nxh7 Rh8 23. Ng5 Rxh5 24. Nxe4 Rxh2+ 25. Re2 Rxe2+ 26. Kxe2 Nd4+ 27. Kd3 Ne6 28. Ke3 g5 29. Rd1+ Kc7 30. fxg5 Nxg5 31. Nxg5 Rxg5 32. Kd4 Kc6 33. Rd3 Rg4+ 34. Kc3 a5 35. Rh3 b5 36. Rh6+ Kc5 37. Rh5+ Kb6 38. Rh6+ Kc5 39. Rh5+ Kb6 40. a3 Rg3+ 41. Kd4 1/2-1/2

[Event "Bartis Memorial A 9198"]
[Site "Bartis Memorial A 9198"]
[Date "1993.??.??"]
[Round "?"]
[White "Laurencena, Alberto"]
[Black "Brilla Banfalvi, Sandor"]
[Result "1-0"]
[WhiteElo "2315"]
[BlackElo "2505"]
[PlyCount "49"]
[EventDate "1993.??.??"]
[Source "www.chesslib.no"]
[SourceDate "2004.05.04"]

1. e4 e5 2. f4 d5 3. exd5 e4 4. d3 Nf6 5. dxe4 Nxe4 6. Nf3 Bc5 7. Qe2 Bf5 8. Nc3 Qe7 9. Be3 Nxc3 10. Bxc5 Qxe2+ 11. Bxe2 Nxe2 12. Kxe2 Na6 13. Ba3 Bxc2 14. Kd2 Be4 15. Ng5 Bxd5 16. Rhe1+ Kd8 17. Re5 Bc4 18. Kc3 b5 19. b3 f6 20. bxc4 b4+ 21. Bxb4 Nxb4 22. Nf7+ Kc8 23. Nxh8 fxe5 24. Kxb4 Rb8+ 25. Kc3 1-0

[Event "WYCC 2004 - B18"]
[Site "Creta"]
[Date "2004.11.08"]
[Round "6.11"]
[White "Asis Garagatagli, Hipolit"]
[Black "Pashikian, Arman"]
[Result "1-0"]
[WhiteElo "2340"]
[BlackElo "2473"]
[PlyCount "87"]
[EventDate "2004.11.04"]
[Source "Roberto Alvarez"]
[SourceDate "2004.11.15"]

1. e4 e5 2. f4 d5 3. exd5 e4 4. d3 Nf6 5. dxe4 Nxe4 6. Nf3 Bc5 7. Qe2 f5 8. Be3 Na6 9. Nbd2 Qxd5 10. O-O-O Qxa2 11. Nxe4 fxe4 12. Bxc5 Nxc5 13. Qb5+ Nd7 14. Bc4 Qa1+ 15. Kd2 Qa6 16. Rhe1 Qxb5 17. Rxe4+ Kf8 18. Bxb5 Nf6 19. Re3 Bg4 20. Rde1 Rd8+ 21. Kc1 c6 22. Bc4 Bxf3 23. Rxf3 h5 24. Rb3 Rd7 25. Ba6 b6 26. Re6 c5 27. Rc6 Re7 28. Rd3 Kf7 29. Bc4+ Kg6 30. Rd5 h4 31. Rg5+ Kh6 32. Bd3 Rd8 33. g4 hxg3 34. hxg3 Rd4 35. g4 Rxd3 36. cxd3 Re1+ 37. Kd2 Rf1 38. Re5 Kh7 39. g5 Ng4 40. Rf5 Rf2+ 41. Kc1 Rf1+ 42. Kd2 Rf2+ 43. Ke1 Rxb2 44. Rf8 1-0

[Event "AUT-ch"]
[Site "Mureck"]
[Date "2001.08.16"]
[Round "12"]
[White "Moser, Eva"]
[Black "Neubauer, Martin"]
[Result "0-1"]
[WhiteElo "2361"]
[BlackElo "2370"]
[PlyCount "148"]
[EventDate "2001.08.05"]
[Source "ChessBase"]
[SourceDate "2001.09.11"]

1. e4 e5 2. f4 d5 3. exd5 e4 4. d3 Nf6 5. dxe4 Nxe4 6. Nf3 Bc5 7. Qe2 f5 8. Be3 Qxd5 9. Bxc5 Qxc5 10. Nc3 O-O 11. Nxe4 fxe4 12. Qxe4 Kh8 13. O-O-O Bf5 14. Qc4 Qe3+ 15. Kb1 Nc6 16. Bd3 Be6 17. Qb5 Qxf4 18. Ng5 Bg8 19. h4 Qb4 20. c3 Qxb5 21. Bxb5 Rf2 22. g3 h6 23. Rd7 a6 24. Ba4 Raf8 25. Rdd1 Rg2 26. Bc2 Rff2 27. Rc1 Ne5 28. Ne4 Re2 29. Rhe1 Rxe1 30. Rxe1 Bh7 31. Kc1 Nc4 32. h5 Bf5 33. Bb3 Nxb2 34. Nf2 g6 35. Kxb2 Rxf2+ 36. Ka3 gxh5 37. Re8+ Kg7 38. Re7+ Kg6 39. Rxc7 Be4 40. Rc8 Rf6 41. Rg8+ Kh7 42. Re8 Bc6 43. Re7+ Kh8 44. Bc2 Kg8 45. Re5 Rf3 46. Rxh5 Kg7 47. g4 Rxc3+ 48. Kb2 Rg3 49. Bf5 Bf3 50. Rh4 Rg2+ 51. Kb1 Rg1+ 52. Kb2 Rh1 53. Rxh1 Bxh1 54. Kc3 Kf6 55. Bc8 Ke5 56. Kb4 Kd4 57. a3 Bf3 58. Bd7 b6 59. a4 Be2 60. a5 bxa5+ 61. Kxa5 Ke3 62. Be8 Kf4 63. Kb6 Kxg4 64. Ka5 Kg5 65. Kb6 Bc4 66. Ka5 Bb5 67. Bf7 Bd3 68. Be8 Bg6 69. Bc6 h5 70. Kxa6 h4 71. Kb5 h3 72. Kc4 Kf4 73. Kd4 h2 74. Bh1 Bh5 0-1

[Event "Alta Grand Prix"]
[Site "?"]
[Date "2002.06.15"]
[Round "3"]
[White "Sklyarov Dmitrij (RUS)"]
[Black "Kiselev Gennadij (RUS)"]
[Result "1-0"]
[WhiteElo "2280"]
[BlackElo "2435"]
[PlyCount "83"]
[EventDate "2002.??.??"]
[Source "www.chesslib.no"]
[SourceDate "2004.05.04"]

1. e4 e5 2. f4 d5 3. exd5 e4 4. d3 Nf6 5. dxe4 Nxe4 6. Nf3 Bc5 7. Qe2 Qxd5 8. Nfd2 f5 9. Nc3 Qf7 10. Ndxe4 fxe4 11. Qxe4+ Kd8 12. Bc4 Qf5 13. Qxf5 Bxf5 14. Bd3 Bxd3 15. cxd3 Nc6 16. Bd2 Kd7 17. Ne4 Bd4 18. Bc3 Rad8 19. O-O-O Kc8 20. Rhe1 Rhe8 21. Kc2 h6 22. g3 Rf8 23. Nd2 Rf5 24. a3 g5 25. Re4 gxf4 26. Rxf4 Rxf4 27. gxf4 Rg8 28. Ne4 Be3 29. f5 Rg2+ 30. Kb1 Kd7 31. Re1 Rg1 32. Rxg1 Bxg1 33. h3 Ke7 34. Bd2 h5 35. Bc3 Be3 36. h4 Kf7 37. Ng5+ Bxg5 38. hxg5 h4 39. g6+ Kg8 40. f6 h3 41. f7+ Kf8 42. Bd2 1-0

[Event "Montpellier Masters op"]
[Site "?"]
[Date "1996.??.??"]
[Round "?"]
[White "Bricard Emmanuel"]
[Black "Mancini Mario"]
[Result "1/2-1/2"]
[WhiteElo "2470"]
[BlackElo "2235"]
[PlyCount "81"]
[EventDate "1996.??.??"]
[Source "www.chesslib.no"]
[SourceDate "2004.05.04"]

1. e4 e5 2. f4 d5 3. exd5 e4 4. d3 Nf6 5. dxe4 Nxe4 6. Nf3 Bc5 7. Qe2 Bf5 8. Nc3 Qe7 9. Be3 Nxc3 10. Bxc5 Qxe2+ 11. Bxe2 Nxd5 12. Bc4 Nxf4 13. O-O Be6 14. Ng5 Nd7 15. Bxe6 Nxe6 16. Nxf7 Rg8 17. Be3 h6 18. Rf5 Rf8 19. Raf1 Ke7 20. Ne5 Rxf5 21. Rxf5 Nxe5 22. Rxe5 a6 23. Rd5 Rd8 24. Rxd8 Nxd8 25. Kf2 Ke6 26. Bf4 c6 27. Bc7 Nf7 28. Ke3 Ne5 29. Kd4 Nd7 30. Bf4 Kf5 31. Bd2 h5 32. c4 g6 33. a4 Ke6 34. b4 Nb6 35. a5 Nd7 36. Bf4 Kf5 37. Bc7 Ke6 38. Bf4 Kf5 39. Bc7 Ke6 40. Ke4 Kf6 41. Kf4 1/2-1/2

[Event "WchT U26"]
[Site "Teesside ENG"]
[Date "1974.??.??"]
[Round "?"]
[White "Kristiansen, Jens"]
[Black "Garcia, Gildardo"]
[Result "1-0"]
[WhiteElo "2370"]
[BlackElo "2335"]
[PlyCount "99"]
[EventDate "1974.??.??"]
[Source "www.chesslib.no"]
[SourceDate "2004.05.04"]

1. e4 e5 2. f4 d5 3. exd5 e4 4. d3 Nf6 5. dxe4 Nxe4 6. Nf3 Be7 7. c4 O-O 8. Bd3 Re8 9. O-O Bc5+ 10. Kh1 Nf2+ 11. Rxf2 Bxf2 12. Qc2 Bc5 13. Bxh7+ Kh8 14. Bd2 Nd7 15. Ng5 Re7 16. Nc3 Nf8 17. Bd3 f6 18. Nge4 Bb4 19. a3 Bxc3 20. Bxc3 Re8 21. Qf2 Bf5 22. Qh4+ Nh7 23. Nd6 Bxd3 24. Nf7+ Kg8 25. Nxd8 Raxd8 26. b3 b5 27. cxb5 Bxb5 28. Re1 Rxd5 29. Rxe8+ Bxe8 30. Qe1 Bf7 31. h3 Nf8 32. Qg3 Nd7 33. f5 c5 34. Qf3 Nb6 35. Ba5 Nc8 36. Bc3 Ne7 37. Qg3 Nxf5 38. Qb8+ Kh7 39. Qxa7 Kg6 40. Qb6 Ng3+ 41. Kh2 Ne4 42. Bb2 Rd1 43. Qc6 Nd2 44. Bc3 Nf1+ 45. Kg1 Ng3+ 46. Kf2 Rd3 47. Be5 Bd5 48. Qe8+ Bf7 49. Qc6 Bd5 50. Qe8+ 1-0

[Event "SUI-ITA"]
[Site "Switzerland"]
[Date "1994.??.??"]
[Round "?"]
[White "Belotti, Bruno"]
[Black "Almada, Enrique"]
[Result "1/2-1/2"]
[WhiteElo "2420"]
[BlackElo "2285"]
[PlyCount "38"]
[EventDate "1994.??.??"]
[Source "www.chesslib.no"]
[SourceDate "2004.05.04"]

1. e4 e5 2. f4 d5 3. exd5 e4 4. d3 Nf6 5. dxe4 Nxe4 6. Nf3 Bc5 7. Qe2 Qe7 8. Nc3 Nxc3 9. Qxe7+ Kxe7 10. bxc3 Re8 11. c4 Kf8+ 12. Kd1 Bg4 13. Bd3 Bxf3+ 14. gxf3 Nd7 15. Rb1 b6 16. Bf5 Re7 17. Rb3 Rae8 18. Bxd7 Rxd7 19. Re1 Rd6 1/2-1/2

[Event "Tournament (youth)"]
[Site "St. Petersburg (Russia)"]
[Date "2008.01.08"]
[Round "4"]
[White "Smirnov Artem (RUS)"]
[Black "Rutman Aleksandr (RUS)"]
[Result "1/2-1/2"]
[WhiteElo "2435"]
[BlackElo "2261"]
[PlyCount "52"]
[EventDate "2008.??.??"]
[Source "www.chesslib.no"]
[SourceDate "2004.05.04"]

1. e4 e5 2. f4 d5 3. exd5 e4 4. d3 Nf6 5. dxe4 Nxe4 6. Nf3 Bc5 7. Qe2 Bf5 8. Nc3 Qe7 9. Be3 Bb4 10. Bd4 O-O 11. O-O-O Bxc3 12. Bxc3 Re8 13. Nd4 Bd7 14. Re1 Na6 15. Qf3 Nac5 16. Bd3 f5 17. h3 Qd6 18. Bxe4 Nxe4 19. Rd1 Qxd5 20. Nb3 Qf7 21. Rhe1 Bc6 22. Qf1 a5 23. Kb1 a4 24. Nd2 a3 25. Nxe4 Bxe4 26. b3 Rad8 1/2-1/2

[Event "Open, Fourmies FRA"]
[Site "?"]
[Date "2001.??.??"]
[Round "4"]
[White "Shirazi, K."]
[Black "Mancini, M."]
[Result "1/2-1/2"]
[WhiteElo "2410"]
[BlackElo "2275"]
[PlyCount "124"]
[EventDate "2001.??.??"]
[Source "www.chesslib.no"]
[SourceDate "2004.05.04"]

1. e4 e5 2. f4 d5 3. exd5 e4 4. d3 Nf6 5. dxe4 Nxe4 6. Qe2 Bf5 7. Nc3 Qe7 8. d6 Nxd6 9. Nd5 Qxe2+ 10. Nxe2 Kd7 11. Nd4 Be4 12. Nc3 Nc6 13. Nxe4 Nxd4 14. Nxd6 Bxd6 15. Kd1 Rhe8 16. g3 Rad8 17. Bh3+ Kc6 18. c3 Ne2 19. Kc2 Nxc1 20. Raxc1 Re2+ 21. Kb3 Bc5 22. Bg4 Rf2 23. Rc2 Rdd2 24. Bf3+ Kb6 25. Rxd2 Rxd2 26. a4 a5 27. h4 c6 28. h5 h6 29. Be4 Bf2 30. g4 Bg3 31. Rh3 Bxf4 32. Rf3 Bg5 33. Rxf7 Re2 34. Bf5 Re7 35. Rf8 Re2 36. Bd3 Rd2 37. Bf5 Re2 38. Rg8 Bf6 39. Ra8 Bg5 40. Rg8 Bf6 41. Ka3 Be7+ 42. Ka2 Bf6 43. Kb3 Rd2 44. Re8 Rd8 45. Re2 Bg5 46. Kc2 Kc5 47. Bd3 Bf6 48. Re6 Rd7 49. Re8 Rd8 50. Re4 Rd7 51. Rf4 Re7 52. Rf2 Re5 53. Rf4 Re7 54. Rf2 Re5 55. Bf5 Re8 56. Bg6 Rd8 57. Rf4 Rd7 58. Rf5+ Rd5 59. Rf1 Rd7 60. Rb1 Re7 61. Bd3 Rd7 62. Kb3 b5 1/2-1/2

[Event "Piatka op"]
[Site "Swidnica"]
[Date "1997.??.??"]
[Round "8"]
[White "Grabarczyk, Bogdan"]
[Black "Gagloshvili, Raissa"]
[Result "1-0"]
[WhiteElo "2460"]
[BlackElo "2220"]
[PlyCount "27"]
[EventDate "1997.??.??"]
[Source "www.chesslib.no"]
[SourceDate "2004.05.04"]

1. e4 e5 2. f4 d5 3. exd5 e4 4. d3 Nf6 5. dxe4 Nxe4 6. Nf3 Bc5 7. Qe2 Qxd5 8. Nfd2 Kd8 9. Nxe4 Re8 10. Nbc3 Qd4 11. Bd2 Bg4 12. Qxg4 Rxe4+ 13. Nxe4 Qxe4+ 14. Qe2 1-0

[Event "Corr"]
[Site "?"]
[Date "2002.06.01"]
[Round "?"]
[White "Marchisotti Dr.Mauro (ITA)"]
[Black "Santos Marcos Antonio dos"]
[Result "0-1"]
[WhiteElo "2315"]
[BlackElo "2363"]
[PlyCount "98"]
[EventDate "2002.??.??"]
[Source "www.chesslib.no"]
[SourceDate "2004.05.04"]

1. e4 e5 2. f4 d5 3. exd5 e4 4. d3 Nf6 5. dxe4 Nxe4 6. Bb5+ c6 7. Qe2 Bb4+ 8. Kf1 cxb5 9. Qxe4+ Be7 10. a4 b4 11. Nf3 O-O 12. c4 Re8 13. Qc2 Bd6 14. h3 Qf6 15. g4 Bxf4 16. Bxf4 Qxf4 17. Kf2 Nd7 18. Qc1 Qf6 19. Nbd2 Qb6+ 20. Kf1 Nc5 21. Qc2 Bd7 22. a5 Qc7 23. Kf2 Qf4 24. Raf1 b3 25. Qc3 f5 26. Rh2 Ne4+ 27. Nxe4 fxe4 28. Kg1 exf3 29. Qxf3 Qd4+ 30. Rhf2 Rf8 31. Qxb3 Rxf2 32. Rxf2 Rf8 33. Qc2 Rxf2 34. Qxf2 Qxc4 35. Qxa7 Qxd5 36. Qb8+ Kf7 37. Qf4+ Ke6 38. b4 g5 39. Qe3+ Qe5 40. Qb3+ Kd6 41. Qd3+ Kc7 42. Kf2 Qf4+ 43. Ke2 Qxb4 44. Qc2+ Kb8 45. Qxh7 Bb5+ 46. Kd1 Qd4+ 47. Kc2 Bc6 48. Qg8+ Ka7 49. Qc8 Bg2 0-1

[Event "Corr"]
[Site "?"]
[Date "2000.11.01"]
[Round "?"]
[White "Claridge John Bleddyn"]
[Black "Ivanov Vladimir Ivanovich"]
[Result "1-0"]
[WhiteElo "2265"]
[BlackElo "2412"]
[PlyCount "93"]
[EventDate "2000.??.??"]
[Source "www.chesslib.no"]
[SourceDate "2004.05.04"]

1. e4 e5 2. f4 d5 3. exd5 e4 4. d3 Nf6 5. dxe4 Nxe4 6. Nf3 Bc5 7. Qe2 Bf5 8. Nc3 Qe7 9. Be3 Bxe3 10. Qxe3 Nxc3 11. Qxe7+ Kxe7 12. bxc3 Bxc2 13. Kd2 Bf5 14. Re1+ Kd8 15. Nd4 Bc8 16. Bd3 Nd7 17. Re3 Nf6 18. c4 Re8 19. Rhe1 Rxe3 20. Rxe3 Bd7 21. Nf3 Be8 22. Ne5 a5 23. g4 h6 24. g5 hxg5 25. fxg5 Nd7 26. Nxd7 Bxd7 27. c5 a4 28. h4 g6 29. Kc3 a3 30. Rf3 Ke7 31. Bc4 Rh8 32. Rf4 Bf5 33. Kb4 f6 34. d6+ cxd6 35. cxd6+ Kxd6 36. Rxf5 gxf5 37. g6 Rxh4 38. g7 Rg4 39. g8=Q Rxg8 40. Bxg8 Ke5 41. Kc3 Kf4 42. Be6 Ke5 43. Bc8 b5 44. Kb4 f4 45. Kxa3 f3 46. Ba6 Kd4 47. Kb4 1-0

[Event "Novaya Ladoga"]
[Site "?"]
[Date "2002.??.??"]
[Round "9"]
[White "Malinin Vasily B"]
[Black "Gusev Leonid"]
[Result "1-0"]
[WhiteElo "2434"]
[BlackElo "2239"]
[PlyCount "43"]
[EventDate "2002.??.??"]
[Source "www.chesslib.no"]
[SourceDate "2004.05.04"]

1. e4 e5 2. f4 d5 3. exd5 e4 4. d3 Nf6 5. dxe4 Nxe4 6. Nf3 Bc5 7. Qe2 Bf2+ 8. Kd1 Qxd5+ 9. Nfd2 f5 10. Nc3 Qd4 11. Ncxe4 fxe4 12. c3 Qb6 13. Nxe4 Bh4 14. Qh5+ Qg6 15. Qxh4 Qxe4 16. Bb5+ Kf7 17. Re1 Qd5+ 18. Bd2 Qc5 19. Bc4+ Kg6 20. f5+ Qxf5 21. Bd3 Qxd3 22. Qg5+ 1-0

[Event "Budapest HUN"]
[Site "?"]
[Date "2005.05.21"]
[Round "1"]
[White "Diermair Andreas"]
[Black "Petran Pal"]
[Result "1-0"]
[WhiteElo "2266"]
[BlackElo "2405"]
[PlyCount "77"]
[EventDate "2005.??.??"]
[Source "www.chesslib.no"]
[SourceDate "2004.05.04"]

1. e4 e5 2. f4 d5 3. exd5 e4 4. d3 Nf6 5. dxe4 Nxe4 6. Nf3 Bc5 7. Qe2 Qe7 8. Be3 Na6 9. Bxc5 Naxc5 10. Nbd2 Nxd2 11. Qxe7+ Kxe7 12. Nxd2 Rd8 13. c4 c6 14. dxc6 bxc6 15. O-O-O Rb8 16. Be2 Bf5 17. Nf3 Be4 18. Rxd8 Rxd8 19. Rf1 h6 20. g3 a5 21. Rd1 Rb8 22. Nd4 a4 23. Bf3 Bxf3 24. Nxf3 Rb4 25. Rd4 Ne6 26. Re4 f5 27. Re5 Rxc4+ 28. Kd2 Kf6 29. Kd3 Rc1 30. Ra5 Rd1+ 31. Ke3 Rb1 32. Rxa4 Rxb2 33. Ra6 Rc2 34. a4 Rc3+ 35. Ke2 Rc2+ 36. Kd1 Rf2 37. Ne5 g5 38. Rxc6 gxf4 39. Nd3 1-0